On the theory of effective demand (Registro nro. 26597)
[ vista simple ]
| 000 -LEADER | |
|---|---|
| fixed length control field | 00320 a2200109 4500 |
| 001 - CONTROL NUMBER | |
| control field | ART_12704 |
| 005 - DATE AND TIME OF LATEST TRANSACTION | |
| control field | 20260410161909.0 |
| 008 - FIXED-LENGTH DATA ELEMENTS--GENERAL INFORMATION | |
| fixed length control field | 260409a |
| 100 1# - MAIN ENTRY--PERSONAL NAME | |
| Personal name | Green, Jerry R. |
| 245 10 - TITLE STATEMENT | |
| Title | On the theory of effective demand |
| 773 0# - HOST ITEM ENTRY | |
| Title | The Economic Journal |
| Related parts | - Vol. 90, Nº 358 (jun. 1980) |
| Record control number | REV12512 |
No hay ítems disponibles.